000 00510nam a2200169Ia 4500
005 20250508155049.0
008 008 250505s9999 xx 000 0 eng d
037 _aTextual
040 _aFEDL
_beng
_cFEDL
041 _aeng
_2eng
084 _a355, NCE
_qFEDL
245 0 _aOfficers in the making the national defence academy
260 _aNew Delhi, India
_bNational Council of Education Research and Training
_c1965
300 _a5p.
942 _cTEXL
_h355, NCE
999 _c1353797
_d1353797